UK Town and City Trivia - Canterbury - Statistics

General Stats
  • This quiz has been taken 54 times
  • The average score is 8 of 15
Answer Stats
Hint Answer % Correct
Senior religious leader and head of the worldwide Anglican church {Archbishop} of Canterbury
98%
Ceremonial county in which Canterbury is located Kent
90%
Author of the classic book 'The Canterbury Tales' Geoffrey Chaucer
85%
Holder of the above position who was murdered in Canterbury Cathedral in 1170 Thomas Becket
77%
Classic cycling race that passed through the city in 1994 and again in 2007 Tour de France
73%
Short name derived from the term 'Canterbury pace' which was used for the natural gait of horses ridden by medieval pilgrims to Canterbury Canter
65%
Nickname of the eldest son of King Edward III who is buried at Canterbury Cathedral {Black} Prince
54%
Canterbury born actor who played the part of Legolas Orlando Bloom
48%
Major trunk road that links Canterbury to Dover A2
46%
Ancient Roman road that connects Canterbury to Wroxeter in Shropshire {Watling} Street
44%
River that flows through the city centre Stour
33%
Canterbury born playwright and poet of the Elizabethan era, known for 'Tamburlaine' Christopher Marlowe
31%
Protestant religious group that resettled in Canterbury and the surrounding area after escaping persecution in the Low Countries in the 16th century Huguenots
23%
Central museum, library and art gallery of Canterbury {Beaney} House of Art and Knowledge
21%
Guide book used to select Canterbury as the target of an air raid in June 1942 Baedeker
15%
No matching quizzes found
Score Distribution
Percent of People with Each Score
Percentile by Number Answered
Your Score History
You have not taken this quiz